000 00473nam a2200169Ia 4500
999 _c22819
_d22819
003 OSt
005 20210907103138.0
008 190216s9999||||xx |||||||||||||| ||und||
040 _coclc
082 _a892.73
_bMAN/I
100 _aMangad, Abdurahiman
_98678
245 0 _aIslam Quiz /
_cAbdurahiman Mangad
260 _bAl Huda Book Stall,
_aCalicut:
_c2008.
300 _a196p
650 _aArabic
942 _cBK
_2ddc
_h892.73
_iMAN/I
_k892.73
_mMAN/I